01143cam a2200289 a 450000100090000000300040000900500170001300800410003001000170007102000250008804000180011304300120013105000250014308200150016810000230018324500740020626000610028030000250034150400640036665000580043065000570048885600830054590600450062894200370067399900170071095201260072714847293OSt20160819162728.0070511s2007 deu b 001 0 eng  a 2007019816 a9780872075856 (pbk.) aDLCcDLCdDLC an-us---00aLB1050.46b.A36 200700a372.482221 aAfflerbach, Peter.10aUnderstanding and using reading assessment, K-12 /cPeter Afflerbach. aNewark, DE :bInternational Reading Association,cc2007. aix, 206 p. ;c25 cm. aIncludes bibliographical references (p. 189-195) and index. 0aReading (Elementary)xAbility testingzUnited States. 0aReading (Secondary)xAbility testingzUnited States.413Table of contents onlyuhttp://www.loc.gov/catdir/toc/ecip0718/2007019816.html a7bcbccorignewd1eecipf20gy-gencatlg 2lcccBOOKShLB 1050.46 .A36 2007 c13729d13729 00102lcc4070aMUCbMUCcTECHd2016-08-19eDonation(BFA)l0oLB 1050.46 .A36 2007p24911r2018-07-10w2016-08-19yBOOKS